| 000 | 00562nam a2200169Ia 4500 | ||
|---|---|---|---|
| 999 |
_c18089 _d18089 |
||
| 082 | _aTK.0393 | ||
| 100 | _aKamala Kumari | ||
| 245 | 0 | _aPolitical change and its impact on women in Russia, 1991-2000 | |
| 260 |
_c2007 _bJawharlal Nehru University, New Delhi |
||
| 300 | _a216 | ||
| 504 | _aincludes appendices and bibliography | ||
| 650 |
_aWomen in politics _zRussia _z1991-2000 |
||
| 650 |
_aWomen political activists _zRussia _z1991-2000 |
||
| 650 |
_aRussia _vPolitics and government _z1991-2000 _zRussia |
||
| 710 | _aPatnaik, Ajay Kumar | ||
| 942 |
_cTH _2ddc |
||